लोकमहाभारत अर्थात जांभूळ आख्यान (Record no. 433391)

MARC details
000 -LEADER
fixed length control field 00617nam a2200145Ia 4500
008 - FIXED-LENGTH DATA ELEMENTS--GENERAL INFORMATION
fixed length control field 100122s9999 xx 000 0 und d
082 ## - DEWEY DECIMAL CLASSIFICATION NUMBER
Item number 57076
Classification number 394
100 ## - MAIN ENTRY--PERSONAL NAME
Personal name चिखले सुरेश
245 ## - TITLE STATEMENT
Title लोकमहाभारत अर्थात जांभूळ आख्यान
260 ## - PUBLICATION, DISTRIBUTION, ETC. (IMPRINT)
Name of publisher, distributor, etc लोकवाड.मय गृह प्रकाशन
Date of publication, distribution, etc 1999
300 ## - PHYSICAL DESCRIPTION
Extent 70
630 ## - SUBJECT ADDED ENTRY--UNIFORM TITLE
Uniform title लोकमहाभारत अर्थात जांभूळ आख्यान
730 ## - ADDED ENTRY--UNIFORM TITLE
Uniform title लोकमहाभारत अर्थात जांभूळ आख्यान
942 ## - ADDED ENTRY ELEMENTS (KOHA)
Koha item type Book
Holdings
Withdrawn status Lost status Damaged status Not for loan Home library Current library Date acquired Cost, normal purchase price Total Checkouts Full call number Barcode Date last seen Cost, replacement price Price effective from Koha item type Public note
        S.V. Pathak Library, Vile Parle S.V. Pathak Library, Vile Parle 01/08/2000 50.00   57076 SVPPARLE-57076 01/25/2010 50.00 01/25/2010 Book General NA